| 000 | 01005nam0a22002411 4500 | ||
|---|---|---|---|
| 001 | rc\648488 | ||
| 005 | 20260407143638.0 | ||
| 035 | _a(NLR Aleph) 005888896 | ||
| 090 |
_a6156446 _c6156446 |
||
| 100 | _a20031121d1986 |||y0rusy50 ca | ||
| 101 | 0 | _arus | |
| 102 | _aRU | ||
| 105 | _ay ||||||||| | ||
| 200 | 1 |
_aСпособ речевой аудиометрии для лиц татарской национальности _eМетод. рекомендации _fКазан. гос. мед. ин-т им. С.В. Курашова _g[Составители Л.Г. Сватко, Р.М. Нурсаитова] |
|
| 210 |
_aКазань _cБ. и. _d1986 |
||
| 215 |
_a21 с. _d21 |
||
| 702 | 1 |
_aСватко _bЛ.Г. _gЛюдмила Георгиевна _4220 |
|
| 712 | 0 | 2 |
_aКазанский медицинский институт им. С. В. Курашова _3RU\NLR\AUTH\8810016054 _9529951 |
| 801 | 0 |
_aRU _bNLR _gpsbo |
|
| 801 | 1 |
_aRU _bELAR _2rusmarc |
|
| 852 |
_aNLR _j87-4/4891 |
||
| 942 | _cBOOK | ||
| 980 | _aNB | ||